Daughters of Anowa (Record no. 9934)

MARC details
000 -LEADER
fixed length control field 00647nam a2200253 a 4500
020 ## - INTERNATIONAL STANDARD BOOK NUMBER
ISBN 0883444
082 00 - DEWEY DECIMAL CLASSIFICATION NUMBER
Classification number 305.420960
Author Cutter ODU
100 ## - MAIN ENTRY--AUTHOR NAME
Author name Oduyoye, Mercy Amba
245 ## - TITLE STATEMENT
Title Daughters of Anowa
Sub title African Women and Patriarchy
260 ## - PUBLICATION, DISTRIBUTION, ETC. (IMPRINT)
Place of publication New York
Name of publisher Orbis Books
Year of publication 1995
300 ## - PHYSICAL DESCRIPTION
Number of Pages 229p
500 ## - GENERAL NOTE
General note includes index and biblioraphy
505 2# - FORMATTED CONTENTS NOTE
Formatted contents note Index
650 ## - SUBJECT ADDED ENTRY--TOPICAL TERM
Topical Term Women-Africa
650 ## - SUBJECT ADDED ENTRY--TOPICAL TERM
Topical Term Patriarchy-Women
942 ## - ADDED ENTRY ELEMENTS (KOHA)
Koha item type Books
700 1# -
-- Oduyoye, Mercy Amba
Holdings
Collection code Home library Current library Date acquired Cost, normal purchase price Full call number Accession Number Koha item type
  Henry Martyn Institute Library Henry Martyn Institute Library 03/23/2007 882.00 305.420960 ODU 017157 Books
                   Copyright © 2026 | Henry Martyn Institute | Hyderabad | TS-500052 | INDIA | Implemented by hmi.edu.in
Hit-Count:

Powered by Koha